[Event "Madrid-ch Previa-B"]
[Site "Madrid"]
[Date "2019.02.08"]
[Round "4"]
[White "Berrocal Exposito, Fernando"]
[Black "Garcia Serrano, Jose Manuel1111"]
[Result "1/2-1/2"]
[WhiteElo "1796"]
[BlackElo "1880"]
[PlyCount "47"]
[EventDate "2019.02.01"]
[EventType "swiss"]
[EventRounds "9"]
[EventCountry "ESP"]
[SourceTitle "CBM 189 Extra"]
[Source "ChessBase"]
[SourceDate "2019.06.03"]
[SourceVersion "1"]
[SourceVersionDate "2019.06.03"]
[SourceQuality "1"]

1. Nf3 Nc6 2. g3 d5 3. Bg2 e5 4. d3 f5 5. 0-0 Nf6 6. c4 dxc4 7. dxc4 Qxd1 8. Rxd1 Bc5 9. Nc3 0-0 10. b3 e4 11. Ne1 Ng4 12. e3 Be6 13. Bb2 Rfd8 14. Nb5 Rac8 15. Nc2 Nge5 16. Nbd4 Bxd4 17. Nxd4 Nxd4 18. Bxd4 Nd3 19. f3 c5 20. fxe4 Nb4 21. exf5 Bxf5 22. Bc3 Nc2 23. Rac1 Nxe3 24. Re1 1/2-1/2

[Event "Madrid San Viator op 16th"]
[Site "Madrid"]
[Date "2011.04.10"]
[Round "3"]
[White "Berrocal Exposito, Fernando"]
[Black "Aziz Ortego, Omar Luis"]
[Result "0-1"]
[WhiteElo "1866"]
[BlackElo "2084"]
[PlyCount "42"]
[EventDate "2011.03.27"]
[EventType "swiss"]
[EventRounds "9"]
[EventCountry "ESP"]
[SourceTitle "EXT 2012"]
[Source "ChessBase"]
[SourceDate "2011.11.24"]
[SourceVersion "1"]
[SourceVersionDate "2011.11.24"]
[SourceQuality "1"]

1. d4 f5 2. c4 Nf6 3. Nc3 g6 4. f3 c5 5. d5 Bg7 6. e4 fxe4 7. fxe4 d6 8. Nf3 0-0 9. Be2 b5 10. cxb5 a6 11. 0-0 axb5 12. Bxb5 Qb6 13. Qe2 Ng4 14. Bc4 Nd7 15. h3 Nge5 16. Nxe5 Rxf1+ 17. Qxf1 Nxe5 18. Kh1 Bd7 19. a4 g5 20. Nb5 Nxc4 21. Qxc4 Bxb5 0-1

[Event "Madrid San Viator op 16th"]
[Site "Madrid"]
[Date "2011.04.03"]
[Round "2"]
[White "Veiga Rodriguez, Pablo"]
[Black "Berrocal Exposito, Fernando"]
[Result "0-1"]
[WhiteElo "1517"]
[BlackElo "1866"]
[PlyCount "36"]
[EventDate "2011.03.27"]
[EventType "swiss"]
[EventRounds "9"]
[EventCountry "ESP"]
[SourceTitle "EXT 2012"]
[Source "ChessBase"]
[SourceDate "2011.11.24"]
[SourceVersion "1"]
[SourceVersionDate "2011.11.24"]
[SourceQuality "1"]

1. d4 Nf6 2. c4 g6 3. Nc3 d5 4. Nf3 Bg7 5. Bf4 0-0 6. cxd5 Nxd5 7. Nxd5 Qxd5 8. e3 c5 9. Be5 f6 10. Bxb8 Rxb8 11. b3 b5 12. dxc5 Qxc5 13. Be2 Qc3+ 14. Qd2 Qxa1+ 15. Bd1 Bg4 16. 0-0 Rfd8 17. Qxd8+ Rxd8 18. Bc2 Qxa2 0-1